Elements and their uses - Statistics

General Stats
  • This quiz has been taken 17 times
  • The average score is 7 of 20
Answer Stats
Hint Extra Hint Answer % Correct
Toothpaste Fluorine
100%
Batteries Can also be taken to treat mood disorders (the element, not the batteries) Lithium
100%
Food cans In fact, the cans are largely steel. Also used as an alloy with lead to make solder, to fuse metal parts. Tin
77%
Used for ammonia in fertilizers Also for refining oil, and in fuel for rockets and other transportation Hydrogen
54%
Weights Bullets and X-ray shields are also made of this Lead
46%
Blue dye Also phone and electric car batteries, and used to make hard alloys used in jet engines and drill bits Cobalt
38%
Jewellery and mirrors Also photographic and X-ray film. This has the highest known electrical and thermal conductivity of all metals. Silver
38%
Pewter Used also in bullets, and in the hardening of other metals Antimony
31%
Found in emeralds Beryllium
31%
Stainless steel, to make the alloy more malleable Nodules of this element cover about 70% of the ocean floor Manganese
31%
Red fireworks Also used in cancer treatment Strontium
23%
Aeroplanes Is commonly used in paint as well Titanium
23%
Green fireworks X-rays of the digestive system also use this Barium
15%
Medicine, especially antacids Cosmetics too, and low-melting-point alloys used in fire detection and extinguishing Bismuth
15%
Solar panels When combined with tellurium Cadmium
15%
Flashes in high-speed photography The fundamental unit of length is defined by a line in the atomic spectrum of this gas Krypton
15%
Plasma displays Also general anaesthetics and eye surgery lasers Xenon
15%
Jewellery Also dental implants, jet engines and space shuttle parts Zirconium
15%
Many industrial uses However, it is not naturally occurring on Earth, only in meteoroids Boron
0%
Red LEDs Commonly used in chips in electronic devices like computers Gallium
0%
No matching quizzes found
Score Distribution
Percent of People with Each Score
Percentile by Number Answered
Your Score History
You have not taken this quiz